Sport tourism (Record no. 290709)

MARC details
000 -LEADER
fixed length control field 00495nam a2200181Ia 4500
008 - FIXED-LENGTH DATA ELEMENTS--GENERAL INFORMATION
fixed length control field 191130s2004##################000#0#eng##
020 ## - INTERNATIONAL STANDARD BOOK NUMBER
ISBN 9780415348096
082 ## - DEWEY DECIMAL CLASSIFICATION NUMBER
Classification number 338.4791 GIB
100 ## - MAIN ENTRY--AUTHOR NAME
Personal name Gibson, Heather J
245 ## - TITLE STATEMENT
Title Sport tourism
Statement of responsibility, etc Heather J Gibson
260 ## - PUBLICATION, DISTRIBUTION, ETC. (IMPRINT)
Place of publication New York
Name of publisher Routledge
Year of publication 2004
300 ## - PHYSICAL DESCRIPTION
Number of Pages xv, 274 p. : ill., map ; 24 cm
650 ## - SUBJECT ADDED ENTRY--TOPICAL TERM
Topical Term Sports and tourism
991 ## -
-- 332697
Holdings
Withdrawn status Lost status Damaged status Not for loan Home library Current library Shelving location Date acquired Full call number Accession Number Price effective from Koha item type
        Anna Centenary Library Anna Centenary Library 4TH FLOOR, A WING 15.10.2020 338.4791 GIB 182119 15.10.2020 English Books

Find us on the map